Die teuersten Fußballtransfers - Rechter Verteidiger - 2016-2017 - Statistiken

Allgemein
  • Dieses Quiz wurde 8 mal gespielt
  • Das Durchschnittsergebnis liegt bei 4 aus 12
Antwortstatistiken
Ablöse (M €) Nationalität Abgebender Verein Aufnehmender Verein Spieler % Korrekt
15,00 Frankreich LOSC Lille AS Monaco Djibril Sidibé
83%
4,00 Spanien FC Sevilla FC Schalke 04 Coke
67%
6,00 Belgien FC Brügge Paris SG Thomas Meunier
67%
14,00 Kroatien US Sassuolo Atlético Madrid Sime Vrsaljko
50%
5,90 Vereinigte Stateen Tottenham Newcastle United DeAndre Yedlin
33%
4,00 Chile Juventus Turin Cagliari Calcio Mauricio Isla
33%
4,70 Kamerun FC Watford West Bromwich Allan Nyom
17%
8,90 Niederlande Newcastle United FC Watford Daryl Janmaat
0%
6,00 Mexiko FC Watford FC Porto Miguel Layún
0%
10,95 China SD Luneng Hebei China Fortune Mingjian Zhao
0%
4,00 Schweiz / Österreich Grasshoppers Rubin Kazan Moritz Bauer
0%
8,28 China Liaoning FC Beijing Guoan Taiyan Jin
0%
Keine übereinstimmenden Quizze gefunden
Verteilung der Resultate
Anzahl Personen mit jedem Resultat
Perzentil nach korrekt beantworteten Fragen
Ihre Resultats-Entwicklung
Sie haben dieses Quiz noch nicht gespielt